Statistics for Why Won't You Love Me - 5 Seconds of Summer (All Lyrics)

Click here to take the quiz!

General Stats

  • This quiz has been taken 226 times
  • The average score is 234 of 263

Answer Stats

WWYLM% Correct
me
99%
me?
99%
IntroWhy?
99%
ChorusWhy
99%
why
99%
why?
99%
love?
98%
love
98%
won't
98%
you
98%
You
98%
a
96%
I
95%
the
93%
Pre-ChorusThe
93%
my
92%
to
92%
Your
92%
your
92%
again
91%
hold
91%
so
91%
So
91%
but
90%
on
90%
airplane
89%
back
89%
be
89%
glass
89%
go
89%
just
89%
Just
89%
mode
89%
not
89%
other
89%
pretend
89%
side
89%
tears
89%
we
89%
I'll
88%
lonely
88%
against
87%
alright
87%
get
87%
into
87%
say
87%
see
87%
Verse 1Switching
87%
We're
87%
and
86%
cheek
86%
disappears
86%
til'
86%
Don't
85%
face
85%
Press
85%
phone
84%
with
84%
you're
84%
You're
84%
2
83%
at
83%
check
83%
for
83%
good
83%
when
83%
worry
83%
as
81%
BridgeCan
81%
close
81%
eyes
81%
got
81%
ground
81%
if
81%
am
80%
best
80%
Staring
80%
table
80%
engaged
78%
imagine
78%
one
78%
drinks
77%
missed
77%
calls
76%
late
76%
work
76%
like
75%
place
75%
Three
75%
time
75%
girlfriend
74%
It's
74%
then
74%
change
71%
home
71%
make
71%
need
71%
never
71%
take
71%
told
71%
wait
71%
hard
70%
can't
68%
deep
68%
tell
68%
yourself
66%
all
65%
alone
65%
tonight
65%
together
62%
heard
60%
Verse 2Few
57%
from
56%
helpless
47%

Score Distribution

Percentile by Number Answered

Percent of People with Each Score

Your Score History

You have not taken this quiz